<?xml version="1.0" encoding="UTF-8"?>
<record
    xmlns:xsi="http://www.w3.org/2001/XMLSchema-instance"
    xsi:schemaLocation="http://www.loc.gov/MARC21/slim http://www.loc.gov/standards/marcxml/schema/MARC21slim.xsd"
    xmlns="http://www.loc.gov/MARC21/slim">

  <leader>00327nam a22000977a 4500</leader>
  <controlfield tag="008">151012b        xxu||||| |||| 00| 0 eng d</controlfield>
  <datafield tag="082" ind1=" " ind2=" ">
    <subfield code="a">338.072 678 REG</subfield>
  </datafield>
  <datafield tag="100" ind1=" " ind2=" ">
    <subfield code="a">AMANI H.K.R</subfield>
    <subfield code="c">NDULU B, HAGEN S.E, STERNBERG K.</subfield>
  </datafield>
  <datafield tag="245" ind1=" " ind2=" ">
    <subfield code="a">A REGIONAL AND INTER-REGIONAL STUDY OF TANZANIA </subfield>
  </datafield>
  <datafield tag="260" ind1=" " ind2=" ">
    <subfield code="a">DAR-ES SALAAM</subfield>
    <subfield code="b">ECONOMIC RESEARCH BUREAU</subfield>
    <subfield code="c">1987</subfield>
  </datafield>
  <datafield tag="999" ind1=" " ind2=" ">
    <subfield code="c">3442</subfield>
    <subfield code="d">3442</subfield>
  </datafield>
  <datafield tag="952" ind1=" " ind2=" ">
    <subfield code="0">0</subfield>
    <subfield code="1">0</subfield>
    <subfield code="2">ddc</subfield>
    <subfield code="4">0</subfield>
    <subfield code="6">338_072000000000000_678_REG</subfield>
    <subfield code="7">0</subfield>
    <subfield code="9">5141</subfield>
    <subfield code="a">1000</subfield>
    <subfield code="b">1000</subfield>
    <subfield code="c">Ground Floor </subfield>
    <subfield code="d">2015-10-12</subfield>
    <subfield code="l">0</subfield>
    <subfield code="o">338.072 678 REG</subfield>
    <subfield code="p">000000003290</subfield>
    <subfield code="r">2019-07-29</subfield>
    <subfield code="w">2015-10-12</subfield>
    <subfield code="y">BOOKS</subfield>
  </datafield>
  <datafield tag="952" ind1=" " ind2=" ">
    <subfield code="0">0</subfield>
    <subfield code="1">0</subfield>
    <subfield code="2">ddc</subfield>
    <subfield code="4">0</subfield>
    <subfield code="6">338_072000000000000_678_REG</subfield>
    <subfield code="7">0</subfield>
    <subfield code="9">5913</subfield>
    <subfield code="a">1000</subfield>
    <subfield code="b">1000</subfield>
    <subfield code="c">Ground Floor </subfield>
    <subfield code="d">2015-11-03</subfield>
    <subfield code="l">0</subfield>
    <subfield code="o">338.072 678 REG</subfield>
    <subfield code="p">000000003266</subfield>
    <subfield code="r">2019-07-29</subfield>
    <subfield code="w">2015-11-03</subfield>
    <subfield code="y">BOOKS</subfield>
  </datafield>
</record>
